000 00303nam a22001097a 4500
082 _a621.382 RAM'F
100 _aDUZER, THEODORE VAN,WHINNERY, JOHN R,RAMO, SIMAN
_960095
245 _aFIELDS AND WAVES IN COMMUNICATION ELECTRONICS
260 _aNEWYORK
_bJOHN WILEY
_c1965
300 _a754P
942 _cBK
999 _c569916
_d569916